| 000 | 00321nam a2200121Ia 4500 | ||
|---|---|---|---|
| 008 | 230907s9999||||xx |||||||||||||| ||und|| | ||
| 082 |
_a491.4282421 _bSHA |
||
| 100 |
_aShah, Safdar Ali , Dr _9115062 |
||
| 245 | 0 | _aPunjabi grammar / | |
| 260 |
_aNUST Publishing Press, _bIslamabad _c2015 |
||
| 300 | _a159 p. | ||
| 942 | _cBK | ||
| 999 |
_c597416 _d597416 |
||